000 00328nam a2200145Ia 4500
005 20241114032149.0
008 240331s9999 xx 000 0 und d
082 _bRAO
_a823
100 _aRao, R
245 0 _aKanthapura
260 _aNew Delhi
_bOrient Paperbacks
_c1971
300 _a258 p .,
500 _aA novel
942 _cL
999 _c3316
_d3316